000 00285nam a2200133Ia 4500
008 201214s9999 xx 000 0 und d
100 _aHudson, Kenneth
245 0 _aMuseums for the 1980s
260 _aLondon
260 _bMcMillan
260 _c1977
300 _a198
942 _cBK
999 _c5637
_d5637